Every Song by Faith No More - Statistics

General Stats
  • This quiz has been taken 40 times
  • The average score is 34 of 86
Answer Stats
Album Song % Correct
The Real Thing(1989) Epic
97%
We Care a Lot(1985) We Care a Lot
94%
Introduce Yourself(1989) We Care a Lot
94%
The Real Thing(1989) The Real Thing
91%
Introduce Yourself(1989) Introduce Yourself
79%
King for a Day... Fool for a Lifetime(1995) King for a Day
74%
The Real Thing(1989) Zombie Eaters
74%
The Real Thing(1989) Underwater Love
68%
Angel Dust(1992) Everything's Ruined
65%
The Real Thing(1989) From Out of Nowhere
65%
Angel Dust(1992) Midlife Crisis
65%
King for a Day... Fool for a Lifetime(1995) Ricochet
65%
Angel Dust(1992) Crack Hitler
62%
King for a Day... Fool for a Lifetime(1995) Evidence
62%
Angel Dust(1992) Jizzlobber
62%
Angel Dust(1992) Kindergarten
62%
The Real Thing(1989) Surprise! You're Dead!
62%
Angel Dust(1992) Caffeine
59%
The Real Thing(1989) Falling to Pieces
59%
Angel Dust(1992) Land of Sunshine
59%
Angel Dust(1992) RV
59%
The Real Thing(1989) Woodpecker from Mars
59%
Album of the Year(1997) Collision
56%
Sol Invictus(2015) Sol Invictus
56%
Album of the Year(1997) Ashes to Ashes
53%
Angel Dust(1992) A Small Victory
53%
Album of the Year(1997) Stripsearch
53%
Angel Dust(1992) Be Aggressive
50%
Album of the Year(1997) Last Cup of Sorrow
50%
The Real Thing(1989) The Morning After
50%
We Care a Lot(1985) As the Worm Turns
47%
King for a Day... Fool for a Lifetime(1995) Digging the Grave
47%
The Real Thing(Bonus)(1989) Edge of the World
47%
King for a Day... Fool for a Lifetime(1995) Just a Man
47%
King for a Day... Fool for a Lifetime(1995) The Gentle Art of Making Enemies
47%
King for a Day... Fool for a Lifetime(1995) Get Out
41%
King for a Day... Fool for a Lifetime(1995) Star A.D.
41%
King for a Day... Fool for a Lifetime(1995) Cuckoo for Caca
38%
Sol Invictus(2015) Matador
38%
Album of the Year(1997) Naked in Front of the Computer
38%
Album of the Year(1997) Pristina
38%
Angel Dust(1992) Smaller and Smaller
38%
Introduce Yourself(1989) Anne's Song
35%
We Care a Lot(1985) Jim
35%
Angel Dust(1992) Malpractice
35%
Sol Invictus(2015) Sunny Side Up
35%
King for a Day... Fool for a Lifetime(1995) Take This Bottle
35%
Non-Album(1991) The Perfect Crime
35%
King for a Day... Fool for a Lifetime(1995) Ugly in the Morning
35%
Introduce Yourself(1989) Blood
32%
Introduce Yourself(1989) Chinese Arithmetic
32%
King for a Day... Fool for a Lifetime(Bonus)(1995) Absolute Zero
29%
Sol Invictus(2015) Motherfucker
29%
Sol Invictus(2015) Superhero
29%
We Care a Lot(1985) Arabian Disco
26%
Album of the Year(1997) Mouth to Mouth
26%
Introduce Yourself(1989) R n' R
26%
Introduce Yourself(1989) The Crab Song
26%
King for a Day... Fool for a Lifetime(1995) Caralho Voador
24%
Sol Invictus(2015) Cone of Shame
24%
Introduce Yourself(1989) Death March
24%
We Care a Lot(1985) Mark Bowen
24%
Album of the Year(1997) Paths of Glory
24%
Introduce Yourself(1989) Spirit
24%
We Care a Lot(1985) The Jungle
24%
Non-Album(1993) Another Body Murdered
21%
Album of the Year(1997) Home Sick Home
21%
Sol Invictus(2015) Separation Anxiety
21%
The Real Thing(Bonus)(1989) The Cowboy Song
21%
Introduce Yourself(1989) Faster Disco
18%
We Care a Lot(1985) Pills for Breakfast
18%
King for a Day... Fool for a Lifetime(1995) What a Day
18%
Sol Invictus(2015) Black Friday
15%
Angel Dust(Bonus)(1992) Das Schutzenfest
15%
Album of the Year(1997) Helpless
15%
Album of the Year(Bonus)(1997) The Big Kahuna
15%
Sol Invictus(2015) From the Dead
12%
Album of the Year(1997) Got That Feeling
12%
Album of the Year(1997) She Loves Me Not
12%
King for a Day... Fool for a Lifetime(1995) The Last to Know
12%
We Care a Lot(1985) Greed
9%
Album of the Year(Bonus)(1997) Light Up & Let Go
9%
We Care a Lot(1985) New Beginnings
9%
Sol Invictus(2015) Rise of the Fall
9%
The Real Thing(Bonus)(1989) The Grade
9%
We Care a Lot(1985) Why Do You Bother
9%
No matching quizzes found
Score Distribution
Percent of People with Each Score
Percentile by Number Answered
Your Score History
You have not taken this quiz